| 000 | 01292nam a2200325 a 4500 | ||
|---|---|---|---|
| 001 | 000035684 | ||
| 003 | DO-SdBPM | ||
| 005 | 20251022105446.0 | ||
| 007 | ta | ||
| 008 | 111108s2009 dr 000 0 spa d | ||
| 020 | _a9789945131185 | ||
| 040 |
_aDO-SdBPM _bspa _cBPMSU _erda |
||
| 082 | 4 |
_a303.4 _bH557g 2009 _222 |
|
| 100 | 1 |
_aHernández Fortuna, Arsenio _eautor |
|
| 245 | 1 | 3 |
_aEl gran cambio social / _cArsenio Hernández Fortuna ; prólogo Juan Dionicio Rodríguez Restituyo. |
| 246 | 1 | 4 |
_aEl gran cambio social : _bRepública Dominicana porcentaje de población rural 1960-2002 |
| 260 |
_aSanto Domingo : _bMediabyte, _c2009. |
||
| 300 |
_a182 páginas : _bilustraciones ; _c22 cm. |
||
| 336 |
_atexto _btxt _2rdacontent |
||
| 337 |
_asin mediación _bn _2rdamediación |
||
| 338 |
_avolumen _bnc _2rdacarrier |
||
| 500 | _aIncluye datos biográficos del autor en la contracubierta | ||
| 500 | _aIncluye referencias bibliográficas y notas al pie de las páginas | ||
| 590 | _aInventariado, 2025/VM | ||
| 650 | 7 |
_aCambio social _zRepública Dominicana |
|
| 650 | 7 |
_aDemografía _xZona rural _zRepública Dominicana |
|
| 651 | 7 |
_aRepublica dominicana _xCondiciones sociales _xEnsayos, conferencias, etc. |
|
| 910 | _aVMateo V. Control de calidad. BPMSU | ||
| 942 |
_2ddc _cBK |
||
| 999 |
_c7349 _d7349 |
||